000 00945nam a2200253Ia 4500
003 OSt
005 20221005113300.0
006 a|||||r|||| 00| 0
007 ta
008 221004b |||||||| |||| 00| 0 pan d
020 _a9788130201603 (hbk)
_c280
024 _a2498
037 _b696, 16/01/2013, Bright Book Service
_cTextual
040 _aCRL
_cCRL
_bpan
041 _2pan
_apan
082 _aQ8441:21:g, 153Q2
100 _aਰੋਹੀ, ਰਾਜਿੰਦਰ ਕੌਰ
245 0 _aਸ੍ਰੀ ਗੁਰੂ ਗ੍ਰੰਥ ਸਾਹਿਬ ਅਧਿਆਤਮ ਤੇ ਵਿਵਹਾਰ
260 _aਪਟਿਆਲਾ
_bਪੰਜਾਬੀ ਯੂਨੀਵਰਸਿਟੀ ਭਾਰਤ
_c2012
300 _a170ਪੰ
_ccm.
650 _aਧਰਮ
942 _hQ8441:21:g, 153Q2
_cTEXL
_2cc
999 _c1027641
_d1027641